000 00468nam a2200169Ia 4500
008 240729s9999 xx 000 0 und d
022 _a2797-507X
245 0 _aJournal of Magnetism and Its Applications
260 _aIndonesia
260 _bIndonesian Magnetics Society
650 _a Electricity and magnetism
650 _a Physics
650 _aScience
856 _uhttps://doaj.org/toc/45f7cd83dd72429a81ad923ebd82e05e
942 _2ddc
942 _cDOAJEJ
999 _c66794
_d66794
945 _a1
_bMadushi Gamage
_c1
_dMadushi Gamage